Governer's Commission for Modern State Government (Little Hoover Committee): final report (Record no. 488798)

000 -LEADER
fixed length control field 00505cam a22001337a 4500
008 - FIXED-LENGTH DATA ELEMENTS--GENERAL INFORMATION
fixed length control field 180718b1970 xxu||||| |||| 00| 0 eng d
082 ## - DEWEY DECIMAL CLASSIFICATION NUMBER
Classification number B6x748 P384
100 ## - MAIN ENTRY--PERSONAL NAME
Personal name United States. The Governer's Commission for Modern State Government "Little Hoover Committee
245 ## - TITLE STATEMENT
Title Governer's Commission for Modern State Government (Little Hoover Committee): final report
260 ## - PUBLICATION, DISTRIBUTION, ETC.
Place of publication, distribution, etc. Pennsylvania
Name of publisher, distributor, etc. The author
Date of publication, distribution, etc. 1970
300 ## - PHYSICAL DESCRIPTION
Extent 147+p.
500 ## - GENERAL NOTE
General note Robert E. Woodside
700 ## - ADDED ENTRY--PERSONAL NAME
Personal name Woodside, Robert E. (Chairman)
Holdings
Withdrawn status Lost status Damaged status Not for loan Permanent Location Current Location Date acquired Full call number Barcode Date last seen Price effective from Koha item type
        Indian Institute of Public Administration Indian Institute of Public Administration 2018-08-04 B6x748 P384 GG12052 2018-08-04 2018-08-04 GG

Powered by Koha